000
00428nam a2200145Ia 4500
008
100204s9999 xx 000 0 und d
082
_b
14420
100
_a
राजाध्यक्ष विजया
245
_a
अधांतर
260
_b
"सन पब्लिकेशन्स , पुणे"
_c
1984
300
_a
205
630
_a
अधांतर
730
_a
अधांतर
942
_c
BOOK
999
_c
458851
_d
458848